Word Ladder: Up to Down - Statistics

General Stats
  • This quiz has been taken 34 times
  • The average score is 23 of 27
Answer Stats
Hint Answer % Correct
Lack of hair bald
97%
Baby its _____ outside cold
97%
Police officer cop
97%
A genre of music pop
97%
The head of the Catholic Church (add letter) pope
97%
Something you drink from (add a letter) cup
94%
Something dug in the ground hole
90%
Something you do with a book read
90%
facial hair (add a letter) beard
87%
Star Wars: A New _____ hope
87%
Earth dwelling rodent mole
87%
Something ____, something new (minus a letter) old
87%
______trip!!! road
87%
Pixar movie Up
87%
What Shakespeare was bard
84%
Something you can put on a necklace (subtract a letter bead
81%
Synonym of outrageous bold
81%
_______ the laundry fold
81%
That's got to be a heavy _____ load
81%
To give temporarily loan
81%
Don't break the _____ mold
77%
I ____ you so!!! (add a letter) told
77%
In Harry Potter Trevor is a _____ toad
74%
A type of bird feather down
71%
It's on the Canadian $1 coin loon
61%
Homophone of tune toon
61%
Thornton Wilder's "Our_________" town
61%
No matching quizzes found
Score Distribution
Percent of People with Each Score
Percentile by Number Answered
Your Score History
You have not taken this quiz